| 000 | 00435nam a2200193Ia 4500 | ||
|---|---|---|---|
| 008 | 170918s9999 xx 000 0 und d | ||
| 020 | _a9780545172790 | ||
| 050 | _bW549 2010 | ||
| 100 | _aWeyn, Suzanne | ||
| 245 | _aEmpty / | ||
| 245 | _cSuzanne Weyn. | ||
| 260 | _aNew York : | ||
| 260 | _bScholastic, | ||
| 260 | _c2010 | ||
| 300 | _a183 pages : | ||
| 300 | _bcolored illustration ; | ||
| 300 | _c20cm. | ||
| 500 | _a790 | ||
| 999 |
_c342247 _d342247 |
||